| 000 -LEADER |
| fixed length control field |
02424nam a22002657a 4500 |
| 003 - CONTROL NUMBER IDENTIFIER |
| control field |
AR-BaISA |
| 005 - DATE AND TIME OF LATEST TRANSACTION |
| control field |
20190827201109.0 |
| 007 - PHYSICAL DESCRIPTION FIXED FIELD--GENERAL INFORMATION |
| fixed length control field |
ta |
| 008 - FIXED-LENGTH DATA ELEMENTS--GENERAL INFORMATION |
| fixed length control field |
190826s2017 ag ado|| |||| 00| 0 spa d |
| 020 ## - INTERNATIONAL STANDARD BOOK NUMBER |
| International Standard Book Number |
9789875384570 |
| 040 ## - CATALOGING SOURCE |
| Transcribing agency |
AR-BaISA |
| 082 04 - DEWEY DECIMAL CLASSIFICATION NUMBER |
| Edition number |
22 |
| Classification number |
371.1 M318 |
| 245 00 - TITLE STATEMENT |
| Title |
Caja de herramientas para la educación emocional: |
| Remainder of title |
diseño de proyectos institucionales, técnicas para coordinar grupos, acciones socio-comunitarias / |
| Statement of responsibility, etc. |
Isabel Mansione, Diana Zac y Juan Pablo Temelini |
| 260 ## - PUBLICATION, DISTRIBUTION, ETC. |
| Place of publication, distribution, etc. |
Buenos Aires: |
| Name of publisher, distributor, etc. |
Noveduc, |
| Date of publication, distribution, etc. |
2017 |
| 300 ## - PHYSICAL DESCRIPTION |
| Extent |
[183] p.: |
| Other physical details |
il., graf., fot. |
| 504 ## - BIBLIOGRAPHY, ETC. NOTE |
| Bibliography, etc. note |
Bibliografía al final de cada capítulo |
| 505 ## - FORMATTED CONTENTS NOTE |
| Title |
Isabel Mansione, Diana Zac, Juan Pablo Temelini y Marta Viola / Emocionalidad, enseñanza y aprendizaje -- |
| -- |
Isables Mansione, Diana Zac, Leticia Sayar y Lidia Attadia / Importancia de la comunicación emocional en el inicio de la vida -- |
| -- |
Isabel Mansione, Diana Zac, Marta Viola, Santiago Carballo y Lidia Attadia / La organización de las bases de la autonomía. Los primeros pasos fuera de casa -- |
| -- |
Isabel Mansione, Juan Pablo Temelini, Marta Viola y Diana Zac / Construcción de proyectos para una psico-socio-pedagogía del vínculo. "Vínculos confortables: protección del aprendizaje" --
|
| -- |
Isable Mansione, Santiago Carballo, María Gabriela Maag, Juan Pablo Temelini, Alicia Peralta, Marina Incarbone y Gabriel Roizman / Estrategias y técnicas para el trabajo grupal en la escuela secundaria. "Acompasando el vínculo" -- |
| -- |
Gabriel Roizman / La documentación narrativa de experiencias pedagógicas: una herramienta para repensar las prácticas de formación -- |
| -- |
Isabel Mansione, Liliana Crescente y Diana Zac / Embarazo, escuela e inclusión. "Despertando la maternidad y la paternidad adolescente" -- |
| -- |
Liliana Zuntini, Daniel Bentaberry e Isable Mansione / Interculturalidad, identidad y memoria. "Navegando las memorias" -- |
| -- |
Isabel Mansione, Juan Pablo Temelini, Diana Zac y Marta Viola / Técnicas para proteger la vocación docente. "Abuenando la mirada" -- |
| -- |
Diana Zac, Juan Pablo Temelini e Isabel Mansione / Escuela y comunidad. "La escuela no debe funcionar en soledad" |
| 650 14 - SUBJECT ADDED ENTRY--TOPICAL TERM |
| 9 (RLIN) |
287 |
| Topical term or geographic name entry element |
Educación |
| 650 14 - SUBJECT ADDED ENTRY--TOPICAL TERM |
| 9 (RLIN) |
1528 |
| Topical term or geographic name entry element |
Desarrollo emocional |
| 650 14 - SUBJECT ADDED ENTRY--TOPICAL TERM |
| 9 (RLIN) |
1130 |
| Topical term or geographic name entry element |
Planificación de la educación |
| 700 1# - ADDED ENTRY--PERSONAL NAME |
| 9 (RLIN) |
1529 |
| Personal name |
Mansione, Isabel |
| Relator term |
aut. |
| 700 1# - ADDED ENTRY--PERSONAL NAME |
| 9 (RLIN) |
1530 |
| Personal name |
Zac, Diana |
| Relator term |
aut. |
| 700 1# - ADDED ENTRY--PERSONAL NAME |
| 9 (RLIN) |
1531 |
| Personal name |
Temelini, Juan Pablo |
| Relator term |
aut. |
| 942 ## - ADDED ENTRY ELEMENTS (KOHA) |
| Source of classification or shelving scheme |
|
| Koha item type |
Libros |